000 00800nam a2200229 a 4500
001 000024556
005 20200930023233.0
008 110131s19uu ec r 000 | spa d
040 _aDO-SdBNP
_bspa
_cBNPHU
082 _aEc863.44
_bC198l
100 1 _aCampos, José Antonio
_950339
245 1 4 _aLinterna mágica /
_cJosé Antonio Campos; introducción Hernán Rodríguez Castelo.
260 _aGuayaquil, Quito, (Ecuador) :
_bPublicaciones Educativas Ariel,
_c[19?].
300 _a194 p. ;
_c18 cm.
490 1 _aClásicos Ariel
_v84.
500 _aLos mejores artículos de Jack the Ripper
650 4 _aCuentos ecuatorianos
_917829
650 4 _aLiteratura ecuatoriana
_93938
700 1 _aRodríguez Castelo, Hernán,
_eintr.
_94689
830 0 _aClásicos Ariel;
_v84.
_93125
049 _aBNGR
999 _c24049
_d24049